The legal status of homemakers in Pennsylvania /

Saved in:
Bibliographic Details
Main Author: Backiel, Linda.
Corporate Authors: Center for Women Policy Studies., United States. National Commission on the Observance of International Women's Year. Homemakers Committee.
Other Authors: Conlin, Roxanne Barton, (joint author.)
Format: Book
Language:English
Published: [Washington] : Homemakers Committee, National Commission on the Observance of International Women's Year : for sale by the Supt. of Docs., U.S. Govt. Print. Off., 1977.
Series:Women and social movements: scholar's edition
Subjects:
Tags: Add Tag
No Tags, Be the first to tag this record!
LEADER 01351nam a2200325 i 4500
001 002174357-6
005 20180117021850.0
008 780118s1977 dcu b f00010 eng
010 |a  77603430  
035 0 |a ocm03627418 
040 |a DLC  |c DLC  |d m.c.  |d SLR 
043 |a n-us-pa 
050 0 |a KFP96  |b .B3 
082 |a 346/.748/0163 
100 1 |a Backiel, Linda. 
245 1 4 |a The legal status of homemakers in Pennsylvania /  |c prepared by Linda Backiel and Roxanne Barton Conlin. 
260 0 |a [Washington] :  |b Homemakers Committee, National Commission on the Observance of International Women's Year : for sale by the Supt. of Docs., U.S. Govt. Print. Off.,  |c 1977. 
300 |a ix, 43 p. ;  |c 27 cm. 
500 |a "Prepared under contract with the Center for Women Policy Studies, Washington, D.C." 
500 |a "No. 39." 
504 |a Bibliography: p. 41-43. 
650 0 |a Husband and wife  |z Pennsylvania. 
650 0 |a Married women  |z Pennsylvania. 
650 0 |a Married women  |x Legal status, laws, etc.  |z Pennsylvania. 
700 1 |a Conlin, Roxanne Barton,  |e joint author. 
710 2 |a Center for Women Policy Studies. 
710 1 |a United States.  |b National Commission on the Observance of International Women's Year.  |b Homemakers Committee. 
830 0 |a Women and social movements: scholar's edition  |5 net 
988 |a 20020608 
906 |0 DLC